000 00801cab a2200265 4500
001 ABS44901
008 090401t1991 xxu||||| |||| 00| 0 eng d
035 _a(Sirsi) u49798
041 _aeng
100 _aBond, M.
245 _aFarmers catch conservation bug
260 _c1991
350 _a0
490 _aChartered Surveyor Weekly
_v36(4) 25 July 1991, 20-21(2)
520 _aReports on a scheme launched by the Countryside Commission which will pay farmers to preserve or recreate traditional landscapes.
650 _aCENTRE OF AGRICULTURAL STRATEGY
650 _aCOUNTRYSIDE STEWARDSHIP
650 _aFARM SUBSIDIES
650 _aLANDSCAPE CONSERVATION
650 _aPILOT PROJECT
650 _aRURAL AREAS
690 _aRURAL PRACTICE
942 _n0
948 _c04/03/1997
999 _c31185
_d31185